| 000 | 00695nam a2200193 a 4500 | ||
|---|---|---|---|
| 008 | 100818s2009 ||||||||||||||||| || u | ||
| 020 | _a9780273722281 | ||
| 050 | _aHB 135 Jac | ||
| 100 | _aJacques, Ian | ||
| 245 | 1 | 0 | _aMathematics: for economics and business. (6th ed.) |
| 250 | _a6th ed. | ||
| 260 |
_aHarlow, Essex: _bPrentice Hall _c2009 |
||
| 300 | _axi, 569p.: ill. | ||
| 350 | _a0.00 | ||
| 650 | 0 | _aBUSINESS MATHEMATICS | |
| 650 | 0 | _aECONOMICS, MATHEMATICAL | |
| 650 | 0 | _aMATHEMATICS--HANDBOOKS, MANUALS, ETC | |
| 995 |
_D0.00 _FCBU-MAIN LIBRARY (Kitwe) _H1 _I0.00 _M1 _UAVAILABLE _WAug 18, 2010 _ZMain Library Open Access Collection |
||
| 999 |
_c50704 _d50704 |
||